003580000a22001090004500090001700000245008000017041001400097100004200111942001300153773006500166999001700231 aASbSeriadas10aDos nuevos hibridos naturales en Salvia (Labiatae) con potencial ornamental0 aEspañol1 aFernández Alonso, José Luis94621 cARTICULO1 tTrianeakActa Científica y Tecnológicah4q329-340d1991 c16119d16119